MDQL
is popping MORE tags! Check the
thread
!
Quizzes
Events
Quiz Creation
Community
Videos
Private Events
Remove Ads
Sign In
Join for FREE
Feedback
Dark Mode
Quiz Categories
Sports
Geography
Music
Movies
Television
Just For Fun
Miscellaneous
History
Literature
Language
Science
Gaming
Entertainment
Religion
Holiday
For Kids
Quiz Lab
Recent
Popular Today
Quiz Kudos Today
Editor Picks
Curator Picks
Quizzes by...
Day
Popularity
Type
Ratings
Length
Year
Community
Subscriptions
Recent Discussions
Orange Saloon
Badges
Playlists
Quests
Create
Leaderboards
Showdown
Live 5
Trivia Bingo
Activity
Puzzle Library
Sporcle Events
Private Events
Virtual Trivia
Globe League
Become a Host
Pub Owners
SporcleCon
Opinionation
Our Games
Videos
Blog
Mobile Apps
Partnerships
Remove Ads and Go Orange
Feedback
Sports
Athletes
MLB
NBA
NHL
NFL
Soccer
Sports Teams
WWE
NCAA
Football
Premier League
Basketball
Baseball
Hockey
Golf
Tennis
Cricket
Rugby
Auto Racing
Olympics
World Cup
Sports
Athletes
MLB
NBA
NHL
NFL
Soccer
Sports Teams
WWE
NCAA
Football
Premier League
Basketball
Baseball
Hockey
Golf
Tennis
Cricket
Rugby
Auto Racing
Olympics
World Cup
Random Quiz
Search Sporcle
×
Quiz Lab
Quiz Lab
Sports
WWE
Type in answers that appear in a list
Type in answers that appear in a list
Classic
Best Score? Go Orange.
WWE PPV Wrestlers Debuts 1997-2009 Stats
Can you name the WWE wrestlers who debuted from 1997-2009 on PPV (Dark matches included)?
By
PaulyVercillo
20m
290 Questions
1,791 Plays
1,791 Plays
1,791 Plays
Comments
Comments
Give Quiz Kudos
Give Quiz Kudos
-
- Ratings
hide this ad
Replay
Link that replays current quiz
Next Quiz
Link to next quiz in quiz playlist
You Got
0%
They Got
Avg Score
48%
Avg Friend Score
Upgrade to see
Score Distribution
Jump to the score distribution portion of the page
Score
0/290
Timer
20:00
0
Plays Today
Debut Event
Wrestler
% Correct
Breakdown: In Your House
Edge (Conquistador I)
86.4%
Judgment Day: In Your House (1998)
Christian (Conquistador II)
85%
Unforgiven '99
Bubba Ray Dudley
82.3%
Unforgiven '99
D-Von Dudley (Reverend D-Von)
82.2%
Backlash '01
Spike Dudley
82.1%
Wrestlemania 2000 (XVI)
Eddie Guerrero
82%
No Way Out '00
Chris Benoit
80.8%
Unforgiven '99
Chris Jericho
80.7%
Wrestlemania XV
Shane McMahon
78.6%
Royal Rumble '99
Vince McMahon
78.2%
Summerslam '99
Crash Holly
77.7%
Survivor Series '00
Molly Holly (Mighty Molly)
77.4%
No Way Out '01
Stephanie McMahon-Helmsley (Stephanie McMahon)
77.3%
InVasion
Booker T (King Booker)
77.3%
Wrestlemania XV
The Big Show
77.2%
Fully Loaded '00
Trish Stratus
76.8%
Royal Rumble '99
Test
76.3%
No Way Out '00
Perry Saturn
74.6%
No Way Out '00
Dean Malenko
74.4%
Fully Loaded '00
Lita
74.4%
Breakdown: In Your House
Jeff Hardy
72.3%
Breakdown: In Your House
Matt Hardy
72.3%
Royal Rumble '99
Chyna
72%
Royal Rumble '00
Tazz
71.7%
King Of The Ring '99
Kurt Angle
70.8%
Bad Blood: In Your House (1996)
D-Lo Brown
70.8%
In Your House 15: A Cold Day In Hell
Ken Shamrock
70.3%
Backlash '01
Rhyno
70.3%
InVasion
Diamond Dallas Page
69.4%
No Mercy '00
Raven
69.2%
Wrestlemania XIV
Sable
68.8%
Wrestlemania XIV
Scott Taylor (Scotty 2 Hotty)
68.7%
Fully Loaded: In Your House (1998)
Val Venis (The Big Valbowski)
68.7%
InVasion
Chavo Guerrero Jr. (Kerwin White)
68.5%
Survivor Series '98
Steven Regal (William Regal)
68.4%
InVasion
Lance Storm
67.8%
InVasion
Torrie Wilson
66.6%
Survivor Series '97
Steve Blackman
65.7%
Unforgiven '01
Hurricane (Gregory Helms)
65.7%
Ground Zero: In Your House
Brian Christopher (Grandmaster Sexay)
64.7%
InVasion
Rob Van Dam
64.6%
Over The Edge: In Your House (1998)
Sho Funaki (Kung Fu Naki)
64.3%
InVasion
Chuck Palumbo (Chuck)
64%
InVasion
Tajiri
63.4%
Survivor Series '97
Recon (Bull Buchanan, B2)
63.2%
InVasion
Stacy Keibler
62.4%
Summerslam '98
Jacqueline
62.3%
Backlash: In Your House (1999)
Prince Albert (Albert, A-Train, Tensai)
61.8%
In Your House 13: Final Four
Mosh (Chaz)
61.5%
Vengeance '02
John Cena
61.2%
Summerslam '00
Steven Richards (Stevie Richards)
60.9%
In Your Hose 16: Canadian Stampede
Taka Michinoku
60.3%
In Your House 13: Final Four
Thrasher
60.2%
InVasion
Billy Kidman
59.7%
InVasion
Mike Awesome
59.4%
Unforgiven '01
Tommy Dreamer
59.3%
Summerslam '03
Randy Orton
59.1%
Extreme Rules '09
Vickie Guerrero
58.1%
Wrestlemania XV
Tori
58%
Backlash '02
Brock Lesnar
56.9%
Armageddon '02
Dave Batista
56.6%
In Your Hose 16: Canadian Stampede
Brian Pillman
56.5%
InVasion
Sean O'Haire
56.3%
Survivor Series '01
Jazz
56.3%
Summerslam '98
Gangrel
56.3%
Vengeance '06
Kane (II, Festus, Luke Gallows)
56.1%
Armageddon '99
Miss Kitty (The Kat)
55.6%
Wrestlemania XIV
Aguila (Essa Rios)
55.5%
Summerslam '02
Rey Mysterio Jr.
55.1%
St. Valentine's Day Massacre
Ivory
54.9%
Survivor Series '97
The Interrogator (Kurrgan)
54.7%
Survivor Series '99
Terri Runnels
54.6%
Over The Edge '99
Meat (Shawn Stasiak)
54.4%
InVasion
Chris Kanyon
54.1%
Breakdown: In Your House
Droz
54%
Royal Rumble '03
Shelton Benjamin
54%
Vengeance '03
John Hennigan (Johnny Nitro,John Morrison)
53.7%
Royal Rumble '97
Mini Vader (El Torito)
53.6%
Armageddon '04
Mike Mizanin (The Miz)
52.6%
Unforgiven '02
Jamal (Umaga)
52.3%
Royal Rumble '03
Charlie Haas
52.3%
Survivor Series '06
CM Punk
52.1%
Summerslam '97
Miguel Perez Jr.
50.7%
ECW One Night Stand '05
The Sandman
50.3%
Summerslam '97
Jose Estrada Jr.
50.2%
Survivor Series '04
Carlito Caribbean Cool (Carlito, Carlito Colon)
49.9%
InVasion
Hugh Morrus (Bill DeMott)
49.6%
Summerslam '97
Jesus Castillo
49.5%
Judgment Day '05
Joey Mercury
49.5%
Great American Bash '05
Melina
49.5%
ECW One Night Stand '05
Sabu
49.3%
Survivor Series '98
Duane Gill (Gillberg)
49.3%
Vengeance '06
Nicky (Dolph Ziggler)
49.1%
Survivor Series '99
Pete Gas
49%
No Mercy '05
Bobby Lashley
48.3%
Royal Rumble '99
The Blue Meanie (Bluedust)
48.3%
Survivor Series '97
Sniper
47.9%
Debut Event
Wrestler
% Correct
Survivor Series '99
Mae Young
47.8%
Taboo Tuesday '05
Mickie James
47.8%
Royal Rumble '06
Finlay
47.7%
Judgment Day '06
The Great Khali
47.6%
Night Of Champions '08
Ted DiBiase Jr.
47.5%
No Mercy '06
Montel Vontavious Porter
47.3%
Backlash '03
Goldberg
47.2%
Survivor Series '99
Rodney
47.1%
King Of The Ring '02
Jamie Noble
47.1%
No Mercy '07
Cody Rhodes
47%
Royal Rumble '02
Maven
46.6%
No Mercy '02
Victoria
46.6%
No Mercy '06
K.C. James
46.5%
Judgement Day '03
Spanky (Brian Kendrick)
46.4%
Unforgiven '02
Rosey
46.3%
Over The Edge: In Your House (1998)
Dick Togo
46.1%
Wrestlemania X-
Seven (XVII)
Brother Love
45.8%
Summerslam '07
Layla
45.4%
No Way Out '04
Paul London
45.4%
Bad Blood: In Your House (1996)
Nova
45.3%
King Of The Ring '98
Dan Severn
45.1%
Armageddon '03
Mark Jindrak
45%
Royal Rumble '97
Fuerza Guerrera
44.9%
Great American Bash '06
Michelle McCool
44.7%
Royal Rumble '97
Mil Mascaras
44.5%
Royal Rumble '97
Mini Mankind (Tarantula)
44.2%
Vengeance '03
Nunzio (Little Guido)
44.2%
Vengeance '03
Conquistador II (Johnny)
44%
Wrestlemania XXIV
Kofi Kingston
44%
No Mercy '05
Mr. Kennedy
43.8%
Vengeance '06
Kenny (Kenny Dykstra)
43.8%
St. Valentine's Day Massacre
Debra
43.6%
Survivor Series '09
Sheamus
43.5%
Vengeance '06
Mikey
43.2%
Royal Rumble '97
Cibernetico
43.2%
King Of The Ring '00
Pat Patterson
43.2%
King Of The Ring '00
Gerald Brisco
43.2%
Judgement Day '03
Rene Dupree
43.1%
Royal Rumble '97
Jerry Estrada
43.1%
Royal Rumble '05
Simon Dean (Nova)
43%
Vengeance '03
Danny Basham
42.9%
Vengeance '03
Doug Basham
42.9%
December To Dismember
Kelly Kelly
42.8%
Summerslam '07
Beth Phoenix
42.7%
Judgment Day '04
Mordecai (Kevin Thorn)
42.4%
Vengeance '06
Mitch
42.2%
Fully Loaded '99
Joey Abs
42.2%
Armageddon '99
B.B.
42.1%
Judgement Day '02
Rico
42%
Armageddon '03
Garrison Cade (Lance Cade)
41.8%
Wrestlemania XXI
Chris Masters
41.5%
Backlash '08
Natalya
41.4%
December To Dismember
Elijah Burke
41.2%
Royal Rumble '97
Histeria (Super Crazy)
41.2%
Taboo Tuesday '05
Candice Michelle
41.1%
Vengeance '03
Conquistador I (Rob Conway)
40.9%
Great American Bash '05
Juventud
40.9%
One Night Stand '07
Santino Marella (Santina Marella)
40.9%
Ground Zero: In Your House
The Patriot
40.8%
Judgement Day '03
Sylvain Grenier
40.8%
InVasion
Earl Hebner
40.7%
No Way Out '07
Little Bastard (Hornswoggle)
40.4%
Royal Rumble '01
Drew Carey
40.3%
Vengeance '03
Doink The Clown (III, Eugene)
40.3%
Royal Rumble '97
Latin Lover
40.1%
Judgement Day '02
Paul Heyman
40.1%
Night Of Champions '09
Tyson Kidd
40%
Taboo Tuesday '04
Muhammad Hassan
39.9%
No Mercy '08
Primo Colon (Diego)
39.9%
Wrestlemania X-
Seven (XVII)
The Goon
39.8%
Royal Rumble '09
Jack Swagger
39.8%
Fully Loaded '99
Michael Hayes
39.7%
Taboo Tuesday '04
Gene Snitsky (Snitsky)
39.7%
Unforgiven '05
Trevor Murdoch
39.7%
One Night Only (UK)
Tiger Ali Singh
39.7%
Royal Rumble '06
The Boogeyman
39.7%
No Way Out '07
Little Boogeyman
39.7%
Night Of Champions '09
David Hart Smith
39.7%
Vengeance '03
Orlando Jordan
39.6%
Survivor Series '03
Matt Morgan
39.3%
Survivor Series '06
Mike Knox
39.3%
Wrestlemania XXV
Brie Bella
39.1%
Wrestlemania XXV
Nikki Bella
39.1%
Over The Edge: In Your House (1998)
Men's Teioh
38.6%
Royal Rumble '97
Mascarita Sagrada Jr. (Max Mini)
38.6%
InVasion
Nick Patrick
38%
Survivor Series '97
Jackyl
37.9%
Backlash '01
Jerry Lynn
37.9%
No Way Out '03
Eric Bischoff
37.8%
Unforgiven '03
Gail Kim
37.7%
Taboo Tuesday '05
Maria
37.7%
Taboo Tuesday '04
Christy Hemme
37.6%
Survivor Series '03
Nathan Jones
37.2%
Royal Rumble '97
Pierroth
37.2%
Backlash '05
Daivari
37.2%
Armageddon '06
Dave Taylor
37.1%
No Way Out '04
Akio (Jimmy Wang Yang)
36.8%
Debut Event
Wrestler
% Correct
No Way Out '04
Nidia
36.7%
Unforgiven '05
Ashley Massaro
36.7%
Cyber Sunday '06
JTG
36.4%
Great American Bash '08
Zack Ryder
36.4%
Wrestlemania X-
Seven (XVII)
The Gobbledy Gooker
36.3%
Armageddon '03
Heidenreich
36.3%
Wrestlemania XX
Miss Jackie
36.1%
No Mercy '02
Dawn Marie
36.1%
Armageddon '06
Oleg Prudius (Vladimir Kozlov)
36.1%
Hell In A Cell '09
Drew McIntyre
36%
Rebellion '02 (UK)
Shannon Moore
35.9%
ECW One Night Stand '05
Psicosis
35.8%
Taboo Tuesday '05
Matt Striker
35.7%
Cyber Sunday '06
Shad Gaspard
35.5%
Armageddon '04
Daniel Puder
35.4%
Unforgiven '03
Jim Ross
35.4%
Judgment Day '06
Jillian Hall
35.2%
Wrestlemania XXV
Sunny
35.1%
Royal Rumble '97
Perro Aguayo Jr.
35.1%
Insurrextion '03 (UK)
Rodney Mack
35%
Royal Rumble '97
Hector Garza
34.7%
Backlash: In Your House (1999)
Nicole Bass
34.6%
Unforgiven '03
Jonathan Coachman
34.1%
Ground Zero: In Your House
Scott Putski
34.1%
D-
Generation X: In Your House
Butterbean
34%
Great American Bash '04
Kenzo Suzuki
34%
Royal Rumble '03
Chris Nowinski
33.9%
Vengeance '03
The Easter Bunny (Idol Stevens, Damien Sandow)
33.9%
Great American Bash '08
Curt Hawkins
33.9%
In Your Hose 16: Canadian Stampede
The Great Sasuke
33.8%
No Way Out '07
Domino
33.8%
ECW One Night Stand '05
Masato Tanaka
33.7%
No Way Out '07
Deuce
33.7%
Great American Bash '04
Luther Reigns
33.4%
Royal Rumble '97
Perro Aguayo Sr.
33.2%
Summerslam '98
Giant Silva
33.2%
ECW One Night Stand '06
Balls Mahoney
33.2%
Wrestlemania XXIV
Floyd Mayweather Jr.
33.1%
Unforgiven '08
Evan Bourne
32.9%
Vengeance '03
Ultimo Dragon
32.7%
Insurrextion '03 (UK)
Theodore Long
32.3%
Wrestlemania XXV
Alicia Fox
32.3%
Unforgiven '08
Maryse
31.9%
Royal Rumble '97
Blue Demon Jr.
31.5%
Armageddon '05
Kid Kash
31.5%
Wrestlemania XXV
Eve Torres
31.3%
Royal Rumble '04
Ernest Miller
31.2%
Royal Rumble '97
Tinieblas Jr.
30.8%
Wrestlemania XXI
Akebono
30.8%
Cyber Sunday '07
Jesse (Slam Master J)
30.6%
Unforgiven '06
Rory McAllister
30.6%
Unforgiven '06
Robbie McAllister
30.3%
December To Dismember
Ariel
30.1%
Armageddon '04
Jesus
29.9%
Wrestlemania XXII
Sharmell
29.8%
Survivor Series '00
K Kwick (R-Truth)
29.3%
Bad Blood '04
Tyson Tomko
28.9%
No Way Out '04
Shaniqua
28.8%
Backlash '08
Cherry
28.7%
No Mercy '05
Paul Burchill
28.1%
Royal Rumble '98
Battalion
28%
Night Of Champions '08
Katie Lea Burchill
27.8%
Backlash '05
Romeo
27.8%
Summerslam '07
Brooke
27.7%
Backlash '05
Antonio
27.5%
Wrestlemania XXIII
Marcus Cor Von
27.4%
Royal Rumble '97
Heavy Metal
27.3%
No Way Out Of Texas (1998)
Pantera
27.3%
Judgement Day '03
Johnny Stamboli
27.3%
Taboo Tuesday '04
Carmella DeCesare
27.2%
Bad Blood: In Your House (1996)
Mosaic
26.2%
Wrestlemania XXV
Joy Giovanni
25.7%
Wrestlemania XXV
Tiffany
25.6%
Great American Bash '06
Kristal
25.5%
Wrestlemania XXV
Rosa Mendes
25.5%
December To Dismember
Sylvester Terkay
24.7%
Royal Rumble '97
El Canek
24.1%
ECW One Night Stand '06
Tony Mamaluke
23.9%
Armageddon '04
Santa Claus
22.9%
ECW One Night Stand '06
Beulah McGillicutty
22.7%
Royal Rumble '97
Octagon
21.3%
Judgment Day: In Your House (1998)
Paul Ellering
21%
No Way Out '04
Sakoda
20.9%
Royal Rumble '97
Venum
20.6%
Vengeance '03
Zach Gowen
20.2%
Royal Rumble '97
Abismo Negro
19.7%
Royal Rumble '97
Mosco de la Merced
19.2%
Royal Rumble '97
La Parkita
18.8%
Wrestlemania XIX
Kitana Baker
18.8%
Royal Rumble '97
Maniaco
18.3%
Vengeance '03
Matt Cappotelli
17.9%
No Mercy '06
Marty Garner
17.9%
Summerslam '08
Bam Neely
17.7%
Rock Bottom: In Your House (1998)
Kevin Quinn
17.3%
Wrestlemania XIX
Tanya Ballinger
16.1%
Insurrextion '03 (UK)
Christian Eckstein
15.4%
Quiz Playlist
Details
Report
Send in Message
Add To Playlist
Classic:
Type in answers that appear in a list
Quiz Source
Last Updated: May 12, 2017
Quiz Scoreboard
CHALLENGE
Sign Up to Join the Scoreboard
Show All
Scores
Hide
Comments
May contain spoilers
Recently Published
Two Season TV Shows II
by 123Four
Television
10m
Image Sorting: Flags VI
by Barbecue
Geography
2m
Find the 'City' Movie
by crazypaving
Movies
60s
More to Explore
Quiz From the Vault
Featured Blog Post
14 Easter Pick-up Lines to Find Eggs With
hide this ad
You Might Also Like...
Tags
WWE Quiz
1995
debut
Debuted
Event
PPV
Wrestlers
Today's Top Quizzes in Sports
Browse Sports
hide this ad
Today's Top Quizzes in WWE
Browse WWE
Top Contributed Quizzes in Sports
1
Les meilleurs buteurs des matchs entre le PSG et l’OM
2
Les entraîneurs de l'OM et du PSG au 21e siècle
3
2022 World Cup Stars
4
Les joueurs passés par le PSG et l'OM
5
Players with Multiple 50 Home Run Seasons
6
Criteria MLB: Left Handed Sluggers
7
FIFA Club World Cup Champions
8
Les joueurs passés par le LOSC et le RC Lens
9
NBA Logic Puzzle 2.0
10
Top 10 NHL Goal Scorers of All Time
Explore More
Trending Topics
Harry Potter
Anime
Disney
Marvel
Crossword
NBA
Kpop
Pokémon
Soccer
Country
WWE
NFL
Song
Puzzle
The Office
hide this ad
More By:
PaulyVercillo
Quiz
Plays
Rating
Category
Featured
Created
SNL Cast Members
65,449
4.67
Television
Oct 2, 2009
WWE PPV Wrestlers Debuts 2010-2016
6,185
3.38
Sports
Oct 26, 2009
WWE PPV Wrestlers Debuts 1985-1996
5,595
3.89
Sports
Oct 25, 2009
New York Mets Debuts 2015-2023
1,847
4.00
Sports
Mar 21, 2010
WWE PPV Wrestlers Debuts 1997-2009
1,791
2.57
Sports
Oct 25, 2009
Go to Creator's Profile
Score Distribution
Quiz Creator Spotlight
PaulyVercillo
Follow
Send a Message
Quizzes Created
-
Created Quiz Play Count
-
More By This Creator
Popular Quizzes Today
1
Colored Red Africa Blitz
2
Find the US States - No Outlines Minefield
3
Find the 'City' Movie
4
5x2 Blitz: Bands
5
The Countries of the World
6
Find the US States
7
Find the Countries of Europe - No Outlines Minefield
8
US States
More Sports Quizzes
Albo d'oro della Serie A
Quiz Lab
Trending Quizzes
Colored Red Europe Blitz I
Colored Red Africa Blitz II
Colored Red Europe Blitz II
Colored Red Africa Blitz III
Colored Red Europe Blitz III
Recently Updated
How Do You Spell That?
pecheneg
Godzilla Movies
pecheneg
Grab Bag: 4-10 Letters
pecheneg
2024 March Madness Bracket
pecheneg
Famous TV Couples
Peacemaker
Champions League XIs: Real Madrid
pecheneg
Largest US Cities 1790-2010
pecheneg
Rides in Walt Disney World
pecheneg
Most Oscar Losses (Acting)
pecheneg
Beyoncé Albums
pecheneg
Trending Topics
Kpop
Disney
Anime
Marvel
Harry Potter
Crossword
NBA
Country
The Office
Puzzle
Pokémon
NFL
Song
Soccer
WWE
Your Account Isn't Verified!
In order to create a playlist on Sporcle, you need to verify the email address you used during registration. Go to your
Sporcle Settings
to finish the process.
Report this User
Report this user for behavior that violates our
Community Guidelines
.
Details:
Send Report
Go to the Sporcle.com Mobile Site →
Comments